000 00567nam a22001817a 4500
005 20231101125853.0
008 231101b |||||||| |||| 00| 0 eng d
020 _a0702158119
041 _aEnglish
082 _a346.7 GRO
100 _aGrove, NJ and Otto, JM
_lEnglish
245 _aBasic Principles of Consumer Credit Law /
_cNJ Grove and JM Otto
250 _aSecond Edition
260 _aCape Town :
_bJuta and Company Ltd,
_c2002
300 _bxviii, 129 pages ;
_c23 cm.
650 _aLegal practice
_bLaw
942 _cBK
_6ALISON_BN_VRIES
999 _c221
_d221